00817nam a2200217 a 450000100100000000500170001000800410002702000180006804000250008608200150011110000370012624500930016326000290025630000210028549000250030650400730033150400330040483000320043795201130046999900170058200003743620200930080353.0120418s2004 sp 000 0 spa d a9788400082536 aDO-SdBNPbspacBNPHU axxxxbxxxx1 aBarrera Parrilla, Beatriz96387910aJaime Sabines :buna poética entre el cuerpo y la palabra /cBeatriz Barrera Parrilla. aSevilla, :bCSIC,c2004. a250 p. ;c21 cm.1 aDifusión y estudio aIncluye referencias bibliográficas y notas al pie de las páginas aBibliografías : p. 237-250 0aDifusión y estudio915205 001050718MOaGRbGRcHDd2012-04-18iLF1l0oxxxx xxxxp37436-10r2020-06-25w2020-06-25y1ZNo se presta c36926d36926